Foreign exchange facilities for individuals (Record no. 591528)

MARC details
000 -LEADER
fixed length control field 00862nam a2200253Ia 4500
003 - CONTROL NUMBER IDENTIFIER
control field OSt
005 - DATE AND TIME OF LATEST TRANSACTION
control field 20220925232527.0
008 - FIXED-LENGTH DATA ELEMENTS--GENERAL INFORMATION
fixed length control field 220923b |||||||| |||| 00| 0 eng d
020 ## - INTERNATIONAL STANDARD BOOK NUMBER
International Standard Book Number 9789350593066
037 ## - SOURCE OF ACQUISITION
Terms of availability General Book
040 ## - CATALOGING SOURCE
Original cataloging agency RTL
Transcribing agency RTL
Language of cataloging eng
041 ## - LANGUAGE CODE
Source of code eng
Language code of text/sound track or separate title eng
100 ## - MAIN ENTRY--PERSONAL NAME
Personal name INDIAN INSTITUTE OF BANKING AND FINANCE
9 (RLIN) 297394
245 #0 - TITLE STATEMENT
Title Foreign exchange facilities for individuals
260 ## - PUBLICATION, DISTRIBUTION, ETC.
Place of publication, distribution, etc. Mumbai
Name of publisher, distributor, etc. Macmillan Publishers
Date of publication, distribution, etc. 2012
300 ## - PHYSICAL DESCRIPTION
Extent viii, 281p
Dimensions cm.
490 ## - SERIES STATEMENT
Series statement Routledge Contemporary South Asia Series
500 ## - GENERAL NOTE
General note Bibliography: P 195-232
942 ## - ADDED ENTRY ELEMENTS (KOHA)
Classification part X:57, Q2
Koha item type General Books
Source of classification or shelving scheme Colon Classification (CC)
Holdings
Withdrawn status Lost status Damaged status Not for loan Home library Current library Date acquired Source of acquisition Cost, normal purchase price Total Checkouts Full call number Barcode Date last seen Cost, replacement price Price effective from Koha item type
        Ratan Tata Library Ratan Tata Library 2022-09-25 1799, 29/02/2016, Pranami Book Service 250.75   X:57 Q2 RT1462214 2022-09-25 250.75 2022-09-25 General Books
Copyright @ Delhi University Library System